00661nam a2200193Ia 4500008004100000020000700041082001200048100002500060245011100085250000700196260003200203300002400235500001900259600003300278650001600311942000700327952011800334999001500452240925s9999 xx 000 0 und d aNA a510 KAR aKarman ,Theodore V. 0aMathematical Methods in Engineering: an introduction to the mathematical treatment of engineering problems aNA aNew York:bMc Graw HIllcNA a161p.bNAfOriginal aIncludes Index aHumanities & Natural Science aMathematics cBK 001040708HUMaUITUbUITUd1997-11-18eUIT Fruit Canadal0o510 KARpQ1262r2024-09-25 07:12:22w2024-09-25yBK c3761d3761